[Vplyv finančných trhov na finančné riadenie podnikov pôsobiacich v SR a ČR v kontexte súčasných globálnych procesov]
Recenzia na vedeckú monografiu v ktorej sú skoncentrované poznatky, informácie a výsledky nadobudnuté v primárnom a sekundárnom výskume v oblasti vývoja a vplyvu finančných trhov na finančné riadenie v podnikoch pôsobiacich v Slovenskej a Českej republike.
Na minha lista:
| Autor principal: | |
|---|---|
| Formato: | Capítulo de Livro |
| Idioma: | eslovaco |
| Assuntos: | |
| Tags: |
Sem tags, seja o primeiro a adicionar uma tag!
|
MARC
| LEADER | 00000naa a2200000 4500 | ||
|---|---|---|---|
| 001 | 0162462 | ||
| 005 | 20240502083400.8 | ||
| 041 | 0 | |a slo | |
| 044 | |a CZ | ||
| 245 | 1 | 0 | |a [Vplyv finančných trhov na finančné riadenie podnikov pôsobiacich v SR a ČR v kontexte súčasných globálnych procesov] |c Jakub Kintler |
| 520 | |a Recenzia na vedeckú monografiu v ktorej sú skoncentrované poznatky, informácie a výsledky nadobudnuté v primárnom a sekundárnom výskume v oblasti vývoja a vplyvu finančných trhov na finančné riadenie v podnikoch pôsobiacich v Slovenskej a Českej republike. | ||
| 610 | 2 | 0 | |a trh finančný |
| 610 | 2 | 0 | |a riadenie finančné |
| 610 | 2 | 0 | |a podnik |
| 610 | 2 | 0 | |a globalizácia |
| 610 | 2 | 0 | |a papiere cenné |
| 610 | 2 | 0 | |a manažment finančný |
| 610 | 2 | 0 | |a recenzie |
| 100 | 1 | |a Kintler, Jakub, 1979- | |